LEADER 00714cam1 22002173 450 001 SOBE00069570 005 20220209080336.0 100 $a20220209g00009999|||||ita|0103 ba 101 $aita 102 $aIT 200 1 $aGerrard Winstanley$el'essere e il potere$eitinerario politico di un mistico nell'Inghilterra del Seicento$fGiovanni Fiaschi 210 $aPadova$c[s.n.]$gTip. La garangola 215 $av.$d24 cm. 463 1$1001E600200027439$12000 $a1 / Giovanni Fiaschi 700 1$aFiaschi$b, Giovanni$3AF00009569$4070$0255965 801 0$aIT$bUNISOB$c20220209$gRICA 912 $aSOBE00069570 940 $aM 102 Monografia moderna SBN 941 $aM 996 $aGerrard Winstanley$92586898 997 $aUNISOB LEADER 01085nam0 22002891i 450 001 VAN0007942 005 20120808104040.736 010 $a88-348-0188-1 100 $a20020830d2000 |0itac50 ba 101 $aita 102 $aIT 105 $a|||| ||||| 200 1 $aEconomia politica del non profit$fMarco Musella, Salvatore D'Acunto 210 $aTorino$cG. Giappichelli$d[2000] 215 $aX, 122 p.$d24 cm. 606 $aEnti senza scopo di lucro$xEconomia$3VANC002940$2FI 620 $dTorino$3VANL000001 676 $a338.43361763$v21 700 1$aMusella$bMarco$3VANV006423$0118105 701 1$aD'Acunto$bSalvatore$3VANV006424$0118106 712 $aGiappichelli $3VANV107921$4650 801 $aIT$bSOL$c20230707$gRICA 899 $aBIBLIOTECA DEL DIPARTIMENTO DI GIURISPRUDENZA$1IT-CE0105$2VAN00 912 $aVAN0007942 950 $aBIBLIOTECA DEL DIPARTIMENTO DI GIURISPRUDENZA$d00CONS XX.Cg.72 $e00 20729 20020913 996 $aEconomia politica del non profit$944468 997 $aUNICAMPANIA